000 00810nas a2200229 4500
001 BR8700394
003 BR-BrBNA
005 20231205090545.0
007 ta
008 230509b bl.|||p| |||| 00| 00por d
040 _aBR-BrBNA
_bpor
_cBiblioteca Nacional de Agricultura
041 _a(En)
072 _aM12; M40
100 1 _aSchmidt, G.W.
245 1 _aPrimary production of phytoplankton in the three types of amazonian waters 5: some investigations of phytoplankton and its primary productivity in the clear water of the lower Rio Tapajos (Para, Brazil)
650 _aFITOPLANCTON
650 _aLIMNOLOGIA
650 _aRIO TAPAJOS
773 0 _tAmazoniana (Brazil)
_xISSN 0065-6755
_g(Oct 1982), v. 7(3) p. 335-348
_wBR8700394
909 _a202311
_bLúcia
_c55
_dLúcia Elande
942 _2AGRIS
_n0
_cANA
999 _c119300
_d119300